LEADER 01511nam a2200289 a 4500 001 000000130300 003 CaOOAMICUS 005 20120921101441.0 008 120921s2012 be u000 u eng r 020 $a978-90-429-2392-8 040 $aPUL$bita 100 1 $aChanikuzhy, Jacob.$0(OLS)http://pul/name/83499 245 10$aJesus, the eschatological temple :$ban exegetical study of Jn 2,13-22 in the light of the Pre 70 C.E. eschatological temple hopes and the synoptic temple action /$cJacob Chanikuzhy. 260 $aLeuven, Paris, Walpole (MA) :$bPeeters,$c2012. 300 $aXLVI, 407 p. ;$c23 cm. 490 1 $aContributions to biblical exegesis and theology ;$v58 504 $aBibliografia p. [XIX]-XLVI. 630 04$aBiblia.$pN.T.$pIohannes$xEsegesi.$0(OLS)http://pul/subject/37940 830 0$aContributions to biblical exegesis and theology ;$v58.$0(OLS)http://pul/title/27171 850 $aPUL 852 $aPUL$W1$xSL Religione 1$y3$m10(4) L 58$j150826$qStampati$B149405$CPULBib$Z2$F149405 $H120726 $82 941 1 $a8 983 0$aContributions to biblical exegesis & theology. 996 $6020$a978-90-429-2392-8$9(OLS)http://pul/number/150552 996 $6245$aJesus, the eschatological temple :$ban exegetical study of Jn 2,13-22 in the light of the Pre 70 C.E. eschatological temple hopes and the synoptic temple action$9(OLS)http://pul/title/164687 996 $6260$aLeuven, Paris, Walpole (MA) :$bPeeters$9(OLS)http://pul/publisher/80881 LEADER 01295nam a2200265 a 4500 001 000000037886 003 CaOOAMICUS 005 20130709115615.0 008 980417m19321934it u000 u ita r 035 $a10790865 040 $aPUL(R)$bita 100 1 $aD'Alessio, Francesco.$0(OLS)http://pul/name/28381 245 10$aIstituzioni di diritto amministrativo italiano /$cFrancesco D'Alessio. 260 $aTorino :$bUnione tipografico-Editrice torinese,$c1932-1934. 300 $a2 v. ;$c23 cm 504 $aBibliografia in nota. 650 4$aDiritto amministrativo$zItalia$vManuali.$0(OLS)http://pul/subject/17904 850 $aPUL 852 $aPUL$W1$xDP2 Diritto e Scienze Sociali 1$y65$m175 E 3$j51726$nBK-PRI$av. 2$qStampati$B51727$CPULBib$Z2$F51727 $82 852 $aPUL$W1$xDP2 Diritto e Scienze Sociali 1$y65$m175 E 2$j155188$nBK-PRI$av. 1$qStampati$B51726$CPULBib$Z2$F51726 $82 852 $aPUL$W1$xDP1 Fondo G. Barberini$y122$m4 F 31$j177833$nBK-PRI$bvol. 2 - copia 2$qFondi$B181003$CPULBib$Z2$F181003 $HBar381 $82 941 1 $a1 941 1 $a8 996 $6245$aIstituzioni di diritto amministrativo italiano$9(OLS)http://pul/title/110199 996 $6260$aTorino :$bUnione tipografico-Editrice torinese$9(OLS)http://pul/publisher/53998